000 00327nam a2200133Ia 4500
100 _aDustin/Elfriede
942 _cBK
654 _asoftware
245 _aEffective software testing: 50 specific ways to improve your testing
260 _bPearson Education
_c2003
082 _a5.14
_bDUS
300 _a271
546 _aENGLISH
999 _c27876
_d27876